MATEMATICA BASICA (Record no. 2196)

MARC details
000 -LEADER
campo de control de longitud fija 00492nam a22001697a 4500
001 - NÚMERO DE CONTROL
campo de control 8708
005 - FECHA Y HORA DE LA ÚLTIMA TRANSACCIÓN
campo de control 20250602012219.0
008 - DATOS DE LONGITUD FIJA--INFORMACIÓN GENERAL
campo de control de longitud fija 5230201995 dr a
082 ## - NÚMERO DE LA CLASIFICACIÓN DECIMAL DEWEY
Número de clasificación RD 510
Número de ítem P31m
100 ## - ENTRADA PRINCIPAL--NOMBRE DE PERSONA
Nombre de persona PEÑA GERALDINO RAFAEL
245 ## - MENCIÓN DEL TÍTULO
Título MATEMATICA BASICA
Mención de responsabilidad, etc. Rafael Peña Geraldino.
250 ## - MENCION DE EDICION
Mención de edición 1a. ed.
260 ## - PUBLICACIÓN, DISTRIBUCIÓN, ETC.
Lugar de publicación, distribución, etc. Santo Domingo :
Nombre del editor, distribuidor, etc. EDITORIAL ANTILLAS
300 ## - DESCRIPCIÓN FÍSICA
Extensión 263 p. : il / 27 cm.
Otros detalles físicos il.
505 ## - NOTA DE CONTENIDO CON FORMATO
Nota de contenido con formato Incluye Respuestas a los Ejercicios.
650 ## - PUNTO DE ACCESO ADICIONAL DE MATERIA--TÉRMINO DE MATERIA
Término de materia o nombre geográfico como elemento de entrada 1 MATEMATICA ENSEÑANZA
Holdings
Estatus retirado Estado de pérdida Estado de daño No para préstamo Colección Biblioteca de origen Biblioteca actual Fecha de adquisición Total de préstamos Signatura topográfica completa Código de barras Visto por última vez Copia número Precio de reemplazo Tipo de ítem Koha
        Acervo general de Libros Biblioteca Central Mons. Favio M. Rivas S. Biblioteca Central Mons. Favio M. Rivas S. 07/11/2014   RD 510 000000002983 23/05/2025 1 23/05/2025 Libros